The Role of Proximity Measurement in the Evaluation of Regional Innovation Processes
Dva rôzne stupne blízkosti medzi regiónmi vo vzťahu k priestorovému ekonometrickému modelovaniu inovačného problému. Okrem geografickej blízkosti, definovanej ako priestorová vzdialenosť medzi aktérmi – európskymi regiónmi, technologická podobnosť na základe ukazovateľa - Malých a stredných podnikov...
Gespeichert in:
| 1. Verfasser: | |
|---|---|
| Format: | Buchkapitel |
| Sprache: | Englisch |
| Schlagworte: | |
| Tags: |
Keine Tags, Fügen Sie das erste Tag hinzu!
|
MARC
| LEADER | 00000naa$a2200000$$$4500 | ||
|---|---|---|---|
| 001 | 0286367 | ||
| 005 | 20250325122407.5 | ||
| 041 | 0 | |a eng | |
| 044 | |a SK | ||
| 245 | 1 | 0 | |a The Role of Proximity Measurement in the Evaluation of Regional Innovation Processes |c Andrea Furková |
| 520 | |a Dva rôzne stupne blízkosti medzi regiónmi vo vzťahu k priestorovému ekonometrickému modelovaniu inovačného problému. Okrem geografickej blízkosti, definovanej ako priestorová vzdialenosť medzi aktérmi – európskymi regiónmi, technologická podobnosť na základe ukazovateľa - Malých a stredných podnikov (MSP), zavádzajúce produkt, sa uvažovalo aj o inováciách procesov. | ||
| 610 | 2 | 0 | |a meranie |
| 610 | 2 | 0 | |a inovácie technologické |
| 610 | 2 | 0 | |a ekonometria |
| 610 | 2 | 0 | |a Európa |
| 610 | 2 | 0 | |a priestor |
| 610 | 2 | 0 | |a podnik malý |
| 610 | 2 | 0 | |a podnik stredný |
| 100 | 1 | |a Furková, Andrea, 1975- | |